|
|
|
|
| LEADER |
00000naa2a2200000 4500 |
| 001 |
194060 |
| 005 |
20231031182153.0 |
| 035 |
|
|
|a (RuTPU)RU\TPU\book\211615
|
| 090 |
|
|
|a 194060
|
| 100 |
|
|
|a 20110403d2010 k y0rusy50 ca
|
| 101 |
0 |
|
|a rus
|
| 102 |
|
|
|a RU
|
| 200 |
1 |
|
|a Электроразрядная активация технологических растворов
|f Г. Е. Осокин
|
| 320 |
|
|
|a Библиогр.: 7 назв.
|
| 463 |
|
0 |
|0 (RuTPU)RU\TPU\book\205105
|t КарлсТом 2010 - современные проблемы очистки воды. Наночастицы в водных объектах. V Российско-германский семинар
|o материалы Международного научно-практического семинара, 20-22 сентября 2010 г., Томск
|f Национальный исследовательский Томский политехнический университет (ТПУ) ; Российская академия естественных наук (РАЕН)
|v С. 41-47
|d 2010
|p 88 с.
|
| 610 |
1 |
|
|a растворы
|
| 610 |
1 |
|
|a технологии
|
| 610 |
1 |
|
|a активация
|
| 610 |
1 |
|
|a электроразрядная активация
|
| 610 |
1 |
|
|a импульсные электрические разряды
|
| 610 |
1 |
|
|a труды учёных ТПУ
|
| 700 |
|
1 |
|a Осокин
|b Г. Е.
|c специалист в области электроразрядных технологий
|c младший научный сотрудник Томского политехнического университета
|g Георгий Евгеньевич
|2 stltpush
|3 (RuTPU)RU\TPU\pers\28102
|
| 801 |
|
1 |
|a RU
|b 63413507
|c 20110403
|
| 942 |
|
|
|c BK
|